000 004980000a22001570004500
090 _aAR
_b00987
245 1 0 _aInvertebrate fauna of tropical american caves, Part II: Puerto Rico, an ecological and zoogeogrophic analysis
650 1 4 _aZoogeografía
_993082
650 1 4 _aFauna cavernícola
_994180
650 1 4 _aBioespeleología
_92655
651 4 _pPuerto Rico
_992749
041 0 _aEspañol
100 1 _aPeck, Stewart B.
_99423
942 _cARTICULO
773 1 _tBiotropica
_39
_h1
_q14-31
_d1974
_g6
999 _c10075
_d10075